000 00631nam a2200205Ia 4500
008 191130s2001##################000#0#eng##
020 _a9780205319350
022 _a62069
040 _aACL
_cACL
082 _a291.4 SEA
100 _aSeaward, Brian Luke
245 _aHealth of the human spirit : spiritual dimensions for personal health
_cBrian Luke Seaward
260 _aBoston
_bAllyn and Bacon
_cc2001
300 _axx, 204 p. : ill. ; 24 cm
500 _aIncludes bibliographical references and index
650 _aSpiritual life
990 _a0ddf27a6ac10000c21fc2bb36a3e4b3f
991 _a76339
999 _c202776
_d202776